El niño mongólico (Record no. 134098)

MARC details
000 -LEADER
campo de control de longitud fija 00700nam a2200193 i 4500
001 - NÚMERO DE CONTROL
campo de control 134098
003 - IDENTIFICADOR DE NÚMERO DE CONTROL
campo de control ES-MaACL
005 - FECHA Y HORA DE LA ÚLTIMA TRANSACCIÓN
campo de control 20230906194611.0
007 - CAMPO FIJO DE DESCRIPCIÓN FÍSICA--INFORMACIÓN GENERAL
campo de control de longitud fija t|
008 - DATOS DE LONGITUD FIJA--INFORMACIÓN GENERAL
campo de control de longitud fija 070905s1972 sp ||||1| spa d
100 1# - ENTRADA PRINCIPAL--NOMBRE DE PERSONA
Nombre de persona Wunderlich, Christof.
9 (RLIN) 117448
245 13 - MENCIÓN DEL TÍTULO
Título El niño mongólico
Resto del título : posibilidades diagnósticas y asistenciales /
Mención de responsabilidad, etc. por Chr. Wunderlich ; prólogo U. Költgen ; [versión de J. Ballester Soleda].
260 ## - PUBLICACIÓN, DISTRIBUCIÓN, ETC.
Lugar de publicación, distribución, etc. Barcelona :
Nombre del editor, distribuidor, etc. Ed. Científico-Médica,
Fecha de publicación, distribución, etc. 1972.
300 ## - DESCRIPCIÓN FÍSICA
Extensión XII, 178 p. :
Otras características físicas il. ;
Dimensiones 25 cm.
650 14 - PUNTO DE ACCESO ADICIONAL DE MATERIA--TÉRMINO DE MATERIA
Término de materia o nombre geográfico como elemento de entrada Personas con síndrome de Down.
9 (RLIN) 15976
700 1# - ENTRADA AGREGADA--NOMBRE PERSONAL
Nombre de persona Költgen, U.
9 (RLIN) 68534
700 1# - ENTRADA AGREGADA--NOMBRE PERSONAL
Nombre de persona Ballester Soleda, Jorge.
9 (RLIN) 25024
852 ## - LOCALIZACIÓN
Ubicación ES-MaACL
Número de control de estantería C-43074
Sublocalización o colección R.82186
Holdings
Estatus retirado Estado de pérdida Estado de daño No para préstamo Biblioteca de origen Biblioteca actual Ubicación en estantería Fecha de adquisición Fuente de adquisición Total de préstamos Signatura topográfica completa Código de barras Visto por última vez Precio de reemplazo Tipo de ítem Koha
        Biblioteca del Ateneo de Madrid Biblioteca del Ateneo de Madrid Depósito 2 17/01/2008     C-43074 1139589 23/02/2023 23/02/2023 Libro impreso